Coupe du Monde 1998: Adversaires de l'équipe de France (Mort subite) - Statistiques

Statistiques générales
  • Ce quiz a été pris 99 fois
  • Le résultat moyen est 5 sur 7
Answers on the Grid
Answers color-coded by a green-red scale on the quiz's grid according to % correct below.
Afrique du Sud
Arabie Saoudite
Danemark
Paraguay
Italie
Croatie
Brésil
Pays-Bas
Argentine
Allemagne
Maroc
Norvège
Japon
Espagne
Cameroun
Etats-Unis
Autriche
Ecosse
Portugal
Australie
 
Statistiques - réponses
Réponse % Correct
Finale et 1 et 2 et 3-0 Brésil
96%
1/2 finale 2-1 Croatie
84%
1/8 de finale 1-0 ap (beo) Paraguay
78%
Premier tour 4-0 Arabie Saoudite
71%
1/4 de finale 0-0 ap (4-3 tab) Italie
71%
Premier tour 3-0 Afrique du Sud
66%
Premier tour 2-1 Danemark
65%
Aucun quiz correspondant
Distribution des résultats
% des personnes avec chaque résultat
Percentile par nombre de réponses
Votre historique - résultats
Vous n’avez pas pris ce quiz